Emblemas regio-políticos de Juan de Solórzano (Record no. 11)

MARC details
000 -CABECERA
campo de control de longitud fija 01241nam a2200301 a 4500
001 - NÚMERO DE CONTROL
campo de control BRCA_11
005 - FECHA Y HORA DE LA ÚLTIMA TRANSACCIÓN
campo de control 20190320202837.0
008 - DATOS DE LONGITUD FIJA--INFORMACIÓN GENERAL
campo de control de longitud fija 881209s1987 sp-a---##b---#001-0#spa-#
020 ## - NÚMERO INTERNACIONAL ESTÁNDAR DEL LIBRO
Número Internacional Estándar del Libro 8486474027
040 ## - FUENTE DE LA CATALOGACIÓN
Centro catalogador/agencia de origen DLC
Centro/agencia transcriptor DLC
Centro/agencia modificador DLC
041 ## - CÓDIGO DE LENGUA
Código de lengua del texto/banda sonora o título independiente spalat
050 #4 - SIGNATURA TOPOGRÁFICA DE LA BIBLIOTECA DEL CONGRESO
Número de clasificación JC393
Número de documento/Ítem .S65 1987
100 1# - ENTRADA PRINCIPAL--NOMBRE DE PERSONA
Nombre de persona González de Zárate, Jesús María
9 (RLIN) 51
245 10 - MENCIÓN DE TÍTULO
Título Emblemas regio-políticos de Juan de Solórzano
Mención de responsabilidad, etc. Jesús María González de Zárate ; prólogo Santiago Sebastián ; traducción de los epigramas Lorenzo Matheu y Sanz ; revisada por Francisco Tejada Vizuete.
260 ## - PUBLICACIÓN, DISTRIBUCIÓN, ETC.
Lugar de publicación, distribución, etc. Madrid
Nombre del editor, distribuidor, etc. Tuero
Fecha de publicación, distribución, etc. [1987]
300 ## - DESCRIPCIÓN FÍSICA
Extensión xiv, 232 p.
Otras características físicas il.
Dimensiones 31 cm.
500 ## - NOTA GENERAL
Nota general Incluye índice de motes y emblemas, índice iconográfico, índice onomástico e índice de artistas y obras
500 ## - NOTA GENERAL
Nota general Facsímil de: Emblemata centum, regio politica de Juan de Solórzano Pereira. Madrid, 1653
546 ## - NOTA DE LENGUA/LENGUAJE
Nota de lengua/lenguaje Texto en: inglés y español
650 14 - PUNTO DE ACCESO ADICIONAL DE MATERIA--TÉRMINO DE MATERIA
Término de materia o nombre geográfico como elemento de entrada Educación de príncipes
9 (RLIN) 52
650 14 - PUNTO DE ACCESO ADICIONAL DE MATERIA--TÉRMINO DE MATERIA
Término de materia o nombre geográfico como elemento de entrada Ciencia política
Subdivisión general Trabajos tempranos a 1800
9 (RLIN) 53
650 14 - PUNTO DE ACCESO ADICIONAL DE MATERIA--TÉRMINO DE MATERIA
Término de materia o nombre geográfico como elemento de entrada Reyes y soberanos
Subdivisión general Deberes
9 (RLIN) 54
653 0# - TÉRMINO DE INDIZACIÓN--NO CONTROLADO
Término no controlado Emblemática
700 1# - PUNTO DE ACCESO ADICIONAL--NOMBRE DE PERSONA
Nombre de persona Sebastián, Santiago
9 (RLIN) 55
700 1# - PUNTO DE ACCESO ADICIONAL--NOMBRE DE PERSONA
Nombre de persona Matheu y Sanz, Lorenzo
9 (RLIN) 56
700 1# - PUNTO DE ACCESO ADICIONAL--NOMBRE DE PERSONA
Nombre de persona Tejada Vizuete, Francisco
9 (RLIN) 57
942 ## - ELEMENTOS DE PUNTO DE ACCESO ADICIONAL (KOHA)
Fuente del sistema de clasificación o colocación Library of Congress Classification
Tipo de ítem Koha Libros
Holdings
Estado de retiro Estado de pérdida Estado dañado No para préstamo Localización permanente Ubicación/localización actual Fecha de adquisición Total de préstamos Signatura topográfica completa Código de barras Fecha visto por última vez Precio válido a partir de Tipo de ítem Koha
El ejemplar forma parte de la colección y puede ser consultado según las políticas vigentes.       Biblioteca del Museo Franz Mayer (Rogerio Casas-Alatriste) Biblioteca del Museo Franz Mayer (Rogerio Casas-Alatriste) 24/06/2008   JC393 .S65 1987 00008_1 23/03/2019 23/03/2019 Libros